| 000 | 00877nam a22002177a 4500 | ||
|---|---|---|---|
| 999 |
_c4066 _d4066 |
||
| 003 | AR-CdUCM | ||
| 008 | 190307b ||||| |||| 00| 0 spa d | ||
| 040 |
_aMUNICIPALIDAD PROVINCIAL DEL CUSCO _cBIBLIOTECA MUNICIPAL DEL CUSCO |
||
| 082 |
_a909.4 / _bM19 |
||
| 100 |
_aMalet, Alberto _912929 |
||
| 245 | _aLos tiempos modernos / | ||
| 260 |
_aMéxico, D. F : _bNacional, _c1956. |
||
| 300 |
_a288 paginas ; _bFotografías, Retratos, _c17 cm. |
||
| 505 | _aÉpoca del renacimiento -- El renacimiento italiano El renacimiento de las artes en Italia -- Las artes y la literatura renacentista -- El renacimiento y el siglo de oro en España -- La edad de oro en la literatura española ... | ||
| 650 |
_aHistoria moderna _912930 |
||
| 650 |
_aTextos escolares _94527 |
||
| 650 |
_aLiteratura francesa _9913 |
||
| 700 |
_aIsaac, J. _912931 |
||
| 942 |
_2ddc _cLIBROS |
||
| 945 | _awnts | ||